000 00561nam a2200205Ia 4500
005 20250923145411.0
008 008 250917s9999 xx 000 0 eng d
037 _aTextual
040 _aDSWL
_beng
_cDSWL
041 _aeng
_2eng
084 _aW61,3, N60
_qDSWL
100 _aCampbell, G.
_9834900
245 0 _aParliament
_c by G. Campbell
260 _aLondon
_bEnglish Universities Press Ltd.
_c1960
300 _avii,182p.
365 _aINR
_b7 . 6
925 _g7 . 6
942 _cTEXL
_hW61,3, N60
999 _c1450899
_d1450899